00902nam a2200241 a 4500001001000000003000500010005001700015008004100032010001100073011001100084040000900095100003200104245016200136260004100298500006000339502006900399650002000468650001300488650002700501650002600528650003600554856007000590000112061CHAP20220329144244.0151201s2015 mx a fsm |||||||spa d a108522 a109494 cCHAP1 aSánchez Esquivel, Alfredo10aAnálisis comparativo de los recursos hidrológicos-forestales de la microcuenca Vista Hermosa, Pue. (1983-2013)h[En línea]cAlfredo Sánchez Esquivel. aChapingo, Méx. :bEl autor,c2015. aPara ver el contenido del material haga clic en la liga aTesis (Ing. Agr. Esp. en Suelos) -- UACH. Departamento de Suelos14aAgua y bosques.14aCuencas.14aCultivos de cobertura.14aEvapotranspiración.14aRecursos hidráulicoszPuebla. aFinding aiduhttp://10.13.5.2/tesis/sist112061.pdfzTeclea aquí